Sports Quiz

Random Sports or Country Quiz

All-time Olympic Medal Count Quiz Stats

 Plays Quiz not verified by Sporcle

Challenge
Share
Tweet
Embed
Score 0/50 Timer 07:00
0 Plays Today
Number of Games Competed In Country % Correct
46United States of America
96.7%
46Great Britain
94.2%
17China
93.2%
18Soviet Union
86.9%
6United Team of Germany
85.5%
37Spain
82.8%
25Brazil
80.6%
27Mexico
79.6%
38Argentina
72.7%
42Greece
71.5%
40Poland
70.2%
24Germany
69.6%
22South Africa
69.6%
47France
69.4%
9Russia
69.4%
11East Germany
68.5%
39Japan
68.5%
45Canada
68.3%
46Italy
67%
41Australia
66.8%
11West Germany
66.1%
46Sweden
65.6%
36Denmark
64.4%
44Norway
64%
34New Zealand
63.9%
Number of Games Competed In Country % Correct
44Hungary
62.8%
44Finland
62%
34Turkey
62%
31South Korea
61%
8Ukraine
60.3%
42Belgium
59.5%
37Romania
59%
15Kenya
58.9%
46Austria
58%
20Jamaica
58%
42Netherlands
57.3%
47Switzerland
57.1%
18Cuba
54.8%
34Yugoslavia
54.2%
15North Korea
52.9%
22Iran
50.9%
35Bulgaria
50.6%
32Czechoslovakia
48.7%
9Czech Republic
48.6%
12Ethiopia
46.7%
13Indonesia
39.3%
9Belarus
38.2%
8Kazakhstan
30.6%
18Estonia
30%
2Unified Team
15%

You're not logged in!

Compare scores with friends on all Sporcle quizzes.
Join for Free
OR
Log In

You Might Also Like...

Show Comments

Extras

Top Quizzes Today


Score Distribution

Your Account Isn't Verified!

In order to create a playlist on Sporcle, you need to verify the email address you used during registration. Go to your Sporcle Settings to finish the process.

Report this User

Report this user for behavior that violates our Community Guidelines.

Details: